Évadnyitó társulati ülés a színházban
Elmentve itt :
| Dokumentumtípus: | Cikk |
|---|---|
| Megjelent: |
1966-09-18
|
| Sorozat: | Délmagyarország
56 No. 221 |
| Kulcsszavak: | Színházi élet Szeged 1966, 1966 |
| Online Access: | http://dmarchiv.bibl.u-szeged.hu/75008 |
| LEADER | 00434nab a2200145 i 4500 | ||
|---|---|---|---|
| 001 | delm75008 | ||
| 005 | 20180928084325.0 | ||
| 008 | 180928s1966 hu o 0|| hun d | ||
| 040 | |a SZTE Délmagyarország Archívum |b hun | ||
| 041 | |a hun | ||
| 245 | 0 | 0 | |a Évadnyitó társulati ülés a színházban |h [elektronikus dokumentum] |
| 260 | |c 1966-09-18 | ||
| 300 | |a 5 | ||
| 490 | 0 | |a Délmagyarország |v 56 No. 221 | |
| 695 | |a Színházi élet Szeged 1966, 1966 | ||